[Event "IND-ch (Women) 48th"]
[Site "Hatkanangale"]
[Date "2022.12.30"]
[Round "5"]
[White "Harshini, A1111"]
[Black "Anushka, Bapu Kutwal"]
[Result "0-1"]
[WhiteElo "1318"]
[BlackElo "1509"]
[PlyCount "78"]
[EventDate "2022.12.26"]
[EventType "swiss"]
[EventRounds "11"]
[EventCountry "IND"]
[SourceTitle "CBM 212 Extra"]
[Source "ChessBase"]
[SourceDate "2023.03.31"]
[SourceVersion "1"]
[SourceVersionDate "2023.03.31"]
[SourceQuality "1"]

1. e4 e5 2. Nf3 Nc6 3. d3 d6 4. g3 Nf6 5. Bg2 Be7 6. 0-0 Bg4 7. h3 Bh5 8. c3 0-0 9. g4 Bg6 10. Nh4 Kh8 11. f4 exf4 12. Bxf4 Nd7 13. Nf5 Bxf5 14. gxf5 Bg5 15. Bg3 Nce5 16. Na3 f6 17. d4 Nf7 18. h4 Bh6 19. Qh5 c5 20. Nc2 Qb6 21. b3 cxd4 22. Nxd4 Be3+ 23. Bf2 Bxf2+ 24. Rxf2 Nde5 25. Raf1 Rfc8 26. Ne2 Nh6 27. Kh1 Qe3 28. Nf4 Qxc3 29. Nd5 Qg3 30. Bf3 Rc1 31. Bd1 Neg4 32. Rg2 Qd3 33. Bxg4 Rxf1+ 34. Kh2 Qxe4 35. Be2 Qe5+ 36. Rg3 Rf2+ 37. Kh1 Qxg3 38. Qe8+ Rxe8 39. Bf3 Re1# 0-1

[Event "IND-ch (Women) 48th"]
[Site "Hatkanangale"]
[Date "2022.12.26"]
[Round "1"]
[White "Bommini, Mounika Akshaya"]
[Black "Anushka, Bapu Kutwal"]
[Result "1-0"]
[WhiteElo "2135"]
[BlackElo "1509"]
[PlyCount "67"]
[EventDate "2022.12.26"]
[EventType "swiss"]
[EventRounds "11"]
[EventCountry "IND"]
[SourceTitle "CBM 212 Extra"]
[Source "ChessBase"]
[SourceDate "2023.03.31"]
[SourceVersion "1"]
[SourceVersionDate "2023.03.31"]
[SourceQuality "1"]

1. d4 d5 2. Bf4 Nf6 3. e3 e6 4. Nd2 Be7 5. Bd3 Nbd7 6. Ngf3 c5 7. c3 0-0 8. Ne5 Nxe5 9. dxe5 Nd7 10. e4 Bg5 11. Bg3 c4 12. Bc2 Nc5 13. f4 Be7 14. Qf3 Qb6 15. Rb1 Rd8 16. Bf2 Qc7 17. exd5 exd5 18. 0-0 b6 19. Bd4 Ne6 20. f5 Nxd4 21. cxd4 Bg5 22. Qc3 b5 23. Nf3 Bh6 24. Qe1 a5 25. f6 g6 26. Qh4 Bf8 27. Ng5 h6 28. e6 hxg5 29. exf7+ Qxf7 30. Qxg5 Bb7 31. Bxg6 Qc7 32. f7+ Kg7 33. Qf6+ Kh6 34. Bf5+ 1-0

[Event "Eastern Asia-ch U12 Girls"]
[Site "Tornelo INT"]
[Date "2021.10.24"]
[Round "8"]
[White "Anushka, Bapu Kutwal"]
[Black "Quan, My Linh"]
[Result "0-1"]
[WhiteElo "1168"]
[BlackElo "1089"]
[PlyCount "76"]
[EventDate "2021.10.22"]
[EventType "swiss"]
[EventRounds "9"]
[EventCountry "NET"]
[SourceTitle "EXT 2023"]
[Source "ChessBase"]
[SourceDate "2022.10.05"]
[SourceVersion "1"]
[SourceVersionDate "2022.10.05"]
[SourceQuality "1"]

1. e4 c5 2. Nf3 Nc6 3. Bb5 e6 4. 0-0 Nge7 5. Re1 a6 6. Bf1 Ng6 7. c3 e5 8. d4 d6 9. Be3 cxd4 10. cxd4 Be7 11. Nc3 0-0 12. Qb3 b5 13. Rac1 Bg4 14. d5 Na5 15. Qd1 Nh4 16. Be2 Nxf3+ 17. Bxf3 Bxf3 18. Qxf3 Nc4 19. b3 Nxe3 20. fxe3 Bg5 21. Ne2 Bh4 22. Rf1 Qa5 23. Qg4 Qxa2 24. Nc3 Qxb3 25. Qxh4 b4 26. Rf3 bxc3 27. Rh3 h6 28. Rg3 Kh7 29. Rf1 Qb7 30. Rf6 Qb1+ 31. Kf2 Qc2+ 32. Kf3 Qd1+ 33. Kf2 g6 34. Rh3 h5 35. g4 Rab8 36. Qg5 Rb2+ 37. Kg3 Qe1+ 38. Kf3 Qf2# 0-1